000 00744nam a2200289Ia 4500
005 20260324112939.0
008 008 260324s9999 xx 000 0 eng d
020 _a9781032699646
037 _aEBOOK
040 _aCRL
040 _beng
040 _cCRL
041 _2eng
041 _aeng
084 _qCRL
100 _aClarena Larrotta; Merih Ugurel-Kamisli
_91144795
245 0 _aEnglish Literacy Educators Working with Refugee Families
245 3 _bAn Intercultural Approach to Adult Education
260 _bTaylor and Francis
260 _c2024
365 _a
365 _b220
856 _uhttp://www.taylorfrancis.com/books/9781032699646
942 _cEBOOK
999 _c1734194
_d1734194